| 000 | 00765nas a2200217 4500 | ||
|---|---|---|---|
| 001 | 000037123 | ||
| 003 | DLC | ||
| 005 | 20240902095040.0 | ||
| 008 | 120216c19949999ag cr1p dd 0 0spa d | ||
| 040 |
_aDO-SdBNP _bspa _cDO-SdBNP _erda |
||
| 043 | _anwdr | ||
| 245 | 0 | 0 | _aVisión. |
| 246 | 1 | 3 |
_aVisión : _bla revista latinamericana |
| 260 |
_aBuenos Aires : _bVisión S.A., _c1994. |
||
| 300 |
_av. : _bil., retrs. ; _c28 cm. |
||
| 310 | _aSemisemanal | ||
| 362 | _av. 82. no. 1(1 al 15 enero de 1994) | ||
| 500 | _aCatalogación basada en el ejemplar v. 82. no. 1 (1 al 15 de marzo de 1994). | ||
| 500 | _aPublicado en Nueva York y oficinas editiorial también en otros lugares que varían (por ejemplo, México, Buenos Aires), 1968-1999. | ||
| 942 |
_2ddc _cISSUE |
||
| 999 |
_c36613 _d36613 |
||